00632 2200277 4500001002100000005001500021035002000036008004100056245003000097260004400127300002300171020002200194084001400216082000800230650001400238990002100252990000900273990000900282990000900291990000900300990000900309990000900318990000900327990000900336990000900345INLIS00000000000265120250909095219 a0010-0425000007250909 0 ind  aThe new book of knowledge aJakarta :bGrolier International,c1972 a103 hlm. ;c21 cm. a978-602-367-509-8 aR 001 t-1 a001 4aReferensi a21/R/SMPN7SBY/16 a7229 a7222 a7230 a7225 a7228 a7227 a7231 a7223 a7226